[Event "Morava-ch U14"]
[Site "Bystrice nad Pernstejnem"]
[Date "2024.10.28"]
[Round "4"]
[White "Kadlecova, Alena"]
[Black "Peskova, Sara"]
[Result "0-1"]
[WhiteElo "1473"]
[BlackElo "1631"]
[PlyCount "48"]
[EventDate "2024.10.26"]
[EventType "swiss"]
[EventRounds "9"]
[EventCountry "CZE"]
[SourceTitle "CB45_2024"]
[Source "ChessBase"]
[SourceDate "2024.11.06"]
[SourceVersion "1"]
[SourceVersionDate "2024.11.06"]
[SourceQuality "1"]

1. e4 e5 2. Nf3 Nc6 3. d4 exd4 4. Nxd4 Nf6 5. Nc3 Bb4 6. Bg5 0-0 7. Qd3 Re8 8. f3 Ne5 9. Qd1 h6 10. Bh4 Ng6 11. Bg3 d5 12. e5 Nxe5 13. Bxe5 Rxe5+ 14. Be2 Qe7 15. 0-0 Bxc3 16. bxc3 c5 17. Nb3 Rxe2 18. Nc1 Re6 19. Nd3 Rb6 20. Nf4 Qd6 21. Qd2 Be6 22. Rab1 Rc8 23. Rxb6 Qxb6 24. Nxe6 fxe6 0-1

[Event "Morava-ch U14"]
[Site "Bystrice nad Pernstejnem"]
[Date "2024.10.27"]
[Round "2"]
[White "Kadlecova, Alena"]
[Black "Burel, Jiri"]
[Result "1/2-1/2"]
[WhiteElo "1473"]
[BlackElo "1551"]
[PlyCount "89"]
[EventDate "2024.10.26"]
[EventType "swiss"]
[EventRounds "9"]
[EventCountry "CZE"]
[SourceTitle "CB45_2024"]
[Source "ChessBase"]
[SourceDate "2024.11.06"]
[SourceVersion "1"]
[SourceVersionDate "2024.11.06"]
[SourceQuality "1"]

1. e4 e5 2. Nf3 Nf6 3. Nc3 Nc6 4. d4 exd4 5. Nxd4 d6 6. h3 Be7 7. Bc4 Bd7 8. Bf4 Ne5 9. Bb3 a5 10. a4 h6 11. 0-0 0-0 12. Re1 Re8 13. Nd5 Nxd5 14. exd5 Bg5 15. Bxg5 Qxg5 16. Nf3 Qf6 17. Nxe5 Rxe5 18. Rxe5 Qxe5 19. Rb1 Re8 20. c4 Qf6 21. Bc2 Qg5 22. Qd3 g6 23. b3 Bf5 24. Qc3 b6 25. Bxf5 Qxf5 26. Re1 Re5 27. Rxe5 Qxe5 28. Qe3 Qxe3 29. fxe3 Kg7 30. Kf2 Kf6 31. h4 Ke5 32. Kf3 Kf5 33. g3 h5 34. e4+ Ke5 35. Ke3 f6 36. Kd3 g5 37. Ke3 gxh4 38. gxh4 f5 39. exf5 Kxf5 40. Kf3 Kg6 41. Kf4 Kf6 42. Ke4 Kg6 43. Kf4 Kf6 44. Ke4 Kg6 45. Kf4 1/2-1/2

[Event "Morava-ch U14"]
[Site "Bystrice nad Pernstejnem"]
[Date "2024.10.26"]
[Round "1"]
[White "Horkovyi, Mykyta"]
[Black "Kadlecova, Alena"]
[Result "1/2-1/2"]
[WhiteElo "1703"]
[BlackElo "1473"]
[PlyCount "79"]
[EventDate "2024.10.26"]
[EventType "swiss"]
[EventRounds "9"]
[EventCountry "CZE"]
[SourceTitle "CB45_2024"]
[Source "ChessBase"]
[SourceDate "2024.11.06"]
[SourceVersion "1"]
[SourceVersionDate "2024.11.06"]
[SourceQuality "1"]

1. e4 c5 2. Nc3 a6 3. a4 d6 4. Bc4 e6 5. f4 Nc6 6. Nf3 g6 7. 0-0 Bg7 8. Qe1 Nge7 9. d3 0-0 10. Kh1 Nd4 11. Nxd4 Bxd4 12. Ne2 Bg7 13. c3 d5 14. Ba2 b6 15. Bb1 Bd7 16. Ng1 b5 17. Bc2 c4 18. d4 Rb8 19. Nf3 Nc6 20. axb5 axb5 21. e5 b4 22. b3 cxb3 23. Bxb3 bxc3 24. Qxc3 Ne7 25. Ba3 Re8 26. Bd6 Rc8 27. Qe1 Nf5 28. Bc5 Bb5 29. Rf2 Ra8 30. Rfa2 Rxa2 31. Rxa2 Bh6 32. g3 Bf8 33. Bxf8 Rxf8 34. Qb4 Bc6 35. Qc5 Qb8 36. Bc2 Qb5 37. Qxb5 Bxb5 38. Bxf5 gxf5 39. Ra7 Bd3 40. Kg2 1/2-1/2

[Event "CZE-ch U12 Girls"]
[Site "Kouty nad Desnou"]
[Date "2024.03.16"]
[Round "9"]
[White "Kadlecova, Alena"]
[Black "Vanickova, Natalie"]
[Result "1/2-1/2"]
[WhiteElo "1413"]
[BlackElo "1447"]
[PlyCount "104"]
[EventDate "2024.03.09"]
[EventType "swiss"]
[EventRounds "9"]
[EventCountry "CZE"]
[SourceTitle "CBM 219 Extra"]
[Source "ChessBase"]
[SourceDate "2024.05.31"]
[SourceVersion "1"]
[SourceVersionDate "2024.05.31"]
[SourceQuality "1"]

1. e4 e5 2. Nf3 Nc6 3. d4 exd4 4. Nxd4 Qh4 5. Nc3 Bb4 6. Qd3 Nf6 7. Nxc6 dxc6 8. e5 Ne4 9. Be3 Bf5 10. Qc4 a5 11. g3 Qg4 12. Bg2 Qg6 13. 0-0 b5 14. Qe2 0-0 15. Nxe4 Bxe4 16. Bxe4 Qxe4 17. Qd3 Qxe5 18. c3 Bd6 19. Bf4 Qf6 20. Be3 Rad8 21. Qc2 Rd7 22. Rab1 Rfd8 23. c4 Be5 24. b3 Bd4 25. Bd2 Bb6 26. Bf4 b4 27. Qc1 h6 28. a3 c5 29. a4 Rd3 30. Re1 Rc3 31. Qb2 c6 32. Re3 Rxe3 33. Qxf6 gxf6 34. Bxe3 Kg7 35. Kg2 Bc7 36. Bxc5 Rd3 37. Be3 Rc3 38. Bd4 Rd3 39. Be3 Rd6 40. Bf4 Rd7 41. Be3 Re7 42. Bc5 Re5 43. Bd4 Re4 44. Be3 Re5 45. Bd4 Rf5 46. Be3 h5 47. Rd1 Kg6 48. h3 Kg7 49. Rd3 Re5 50. Rd1 Kg6 51. Rd7 Bb8 52. Rd8 Bc7 1/2-1/2

[Event "CZE-ch U12 Girls"]
[Site "Kouty nad Desnou"]
[Date "2024.03.13"]
[Round "6"]
[White "Rudova, Jana"]
[Black "Kadlecova, Alena"]
[Result "1-0"]
[WhiteElo "1408"]
[BlackElo "1413"]
[PlyCount "75"]
[EventDate "2024.03.09"]
[EventType "swiss"]
[EventRounds "9"]
[EventCountry "CZE"]
[SourceTitle "CBM 219 Extra"]
[Source "ChessBase"]
[SourceDate "2024.05.31"]
[SourceVersion "1"]
[SourceVersionDate "2024.05.31"]
[SourceQuality "1"]

1. e4 c5 2. Nf3 d6 3. Nc3 e6 4. Bb5+ Bd7 5. Bxd7+ Nxd7 6. d3 g6 7. Be3 Bg7 8. 0-0 Ne7 9. Rb1 a5 10. Re1 Qc7 11. d4 cxd4 12. Nxd4 Bxd4 13. Qxd4 0-0 14. Bh6 e5 15. Nb5 Qxc2 16. Qxd6 Rfd8 17. Qxe7 Qc6 18. Nd6 Rf8 19. Bxf8 Rxf8 20. Rbc1 Qxc1 21. Rxc1 Nb6 22. Qxb7 Na4 23. Qb5 Nxb2 24. Qxb2 a4 25. Rc8 Rxc8 26. Nxc8 a3 27. Ne7+ Kf8 28. Qxa3 Kg7 29. Qg3 f6 30. Nf5+ Kf7 31. Qb3+ Kf8 32. Qb7 gxf5 33. Kf1 fxe4 34. a4 e3 35. fxe3 e4 36. a5 h5 37. a6 f5 38. a7 1-0

[Event "CZE-ch U12 Girls"]
[Site "Kouty nad Desnou"]
[Date "2024.03.11"]
[Round "4"]
[White "Martikanova, Amalie"]
[Black "Kadlecova, Alena"]
[Result "1/2-1/2"]
[WhiteElo "1501"]
[BlackElo "1413"]
[PlyCount "121"]
[EventDate "2024.03.09"]
[EventType "swiss"]
[EventRounds "9"]
[EventCountry "CZE"]
[SourceTitle "CBM 219 Extra"]
[Source "ChessBase"]
[SourceDate "2024.05.31"]
[SourceVersion "1"]
[SourceVersionDate "2024.05.31"]
[SourceQuality "1"]

1. e4 c5 2. Nf3 d6 3. d4 cxd4 4. Nxd4 Nf6 5. Nc3 Nc6 6. Bb5 Bd7 7. Nxc6 Bxc6 8. Bxc6+ bxc6 9. 0-0 e6 10. Re1 Qc7 11. Bg5 Be7 12. Qf3 0-0 13. Rad1 Rab8 14. b3 Rfd8 15. Qh3 e5 16. Rd3 Ne8 17. Qh4 Bxg5 18. Qxg5 Qd7 19. Ree3 Qe6 20. Rh3 Qf6 21. Qg4 Rb7 22. Rdf3 Qe7 23. Qh5 Nf6 24. Qh4 d5 25. a4 dxe4 26. Rf5 Qd7 27. g4 e3 28. Rxe3 Qe6 29. Rexe5 Qd6 30. Re3 Re7 31. Rxe7 Qxe7 32. Qg3 Ne4 33. Qe3 Re8 34. Nxe4 Qxe4 35. Qxe4 Rxe4 36. h3 Re1+ 37. Kg2 Re2 38. Rc5 Re6 39. Ra5 Re7 40. Rc5 Re6 41. b4 g6 42. b5 cxb5 43. Rxb5 Rc6 44. Ra5 a6 45. Kf3 Kf8 46. Ke3 Ke7 47. c4 Kd7 48. Kd3 Kc7 49. Kc3 Kb6 50. Kb4 Rxc4+ 51. Kxc4 Kxa5 52. Kb3 f6 53. f3 h5 54. gxh5 gxh5 55. h4 f5 56. f4 Kb6 57. Kb4 a5+ 58. Kc4 Kc6 59. Kd4 Kd6 60. Kc4 Kc6 61. Kd4 1/2-1/2

[Event "CZE-ch U12 Girls"]
[Site "Teplice"]
[Date "2023.03.16"]
[Round "7"]
[White "Kadlecova, Alena"]
[Black "Kubalova, Nikol"]
[Result "1-0"]
[WhiteElo "1000"]
[BlackElo "1000"]
[PlyCount "133"]
[EventDate "2023.03.11"]
[EventType "swiss"]
[EventRounds "9"]
[EventCountry "CZE"]
[SourceTitle "CBM 213 Extra"]
[Source "ChessBase"]
[SourceDate "2023.05.31"]
[SourceVersion "1"]
[SourceVersionDate "2023.05.31"]
[SourceQuality "1"]

1. e4 e5 2. Nf3 Nc6 3. d4 Nf6 4. Nc3 Bd6 5. a3 0-0 6. Bc4 exd4 7. Nxd4 Bc5 8. Be3 Qe8 9. Qd3 Nxd4 10. Bxd4 Bxd4 11. Qxd4 c6 12. 0-0-0 Ng4 13. f3 c5 14. Qxc5 d6 15. Rxd6 b6 16. Qd4 Nf6 17. Nb5 Qe7 18. Rd1 a6 19. Nc3 b5 20. Ba2 Nh5 21. Rd8 Bb7 22. Rd7 Qg5+ 23. Kb1 Bc6 24. Rc7 Qh6 25. Qc5 Be8 26. Bd5 Rd8 27. Bxf7+ Bxf7 28. Rxd8 Rxd8 29. Qe7 Rf8 30. Rd7 Ng3 31. hxg3 Qh1+ 32. Rd1 Qxg2 33. Kc1 Qxf3 34. e5 Qe3+ 35. Kb1 Bh5 36. Rd8 Rxd8 37. Qxd8+ Kf7 38. Qd7+ Kg6 39. Qd3+ Qxd3 40. cxd3 Kf5 41. d4 Bf3 42. Kc2 h5 43. Kd3 g5 44. Ke3 h4 45. Kxf3 h3 46. g4+ Ke6 47. Kg3 b4 48. axb4 h2 49. Kxh2 Kd7 50. Kg3 Kc6 51. Kf3 Kb6 52. Ke4 a5 53. bxa5+ Kxa5 54. Kd5 Kb4 55. e6 Kb3 56. e7 Kxb2 57. e8R Kxc3 58. Ke4 Kc4 59. Rc8+ Kb3 60. d5 Kb4 61. d6 Kb5 62. d7 Kb6 63. d8R Kb7 64. Rc1 Kb6 65. Rb8+ Ka7 66. Rb2 Ka8 67. Ra1# 1-0